Normal view MARC view
  • Riaz, M Wasiq

Entry Personal Name

Number of records used in: 1

001 - CONTROL NUMBER

  • control field: 122617

003 - CONTROL NUMBER IDENTIFIER

  • control field: NUST

005 - DATE AND TIME OF LATEST TRANSACTION

  • control field: 20240513155954.0

008 - FIXED-LENGTH DATA ELEMENTS

  • fixed length control field: 240513|| aca||aabn | a|a d

040 ## - CATALOGING SOURCE

  • Original cataloging agency: NUST
  • Transcribing agency: NUST

100 ## - HEADING--PERSONAL NAME

  • Personal name: Riaz, M Wasiq

670 ## - SOURCE DATA FOUND

  • Source citation: Work cat.: (NUST): Riaz, M Wasiq , Effects of various parameters on Net-Zero Energy Buildings design /
© 2023 Central Library, National University of Sciences and Technology. All Rights Reserved.